[Event "Bykova Memorial"]
[Site "Vladimir"]
[Date "2006.12.21"]
[Round "11"]
[White "Shabanov, Denis"]
[Black "Kryakvin, Dmitry"]
[Result "0-1"]
[WhiteElo "2147"]
[BlackElo "2525"]
[PlyCount "62"]
[EventDate "2006.12.14"]
[EventType "tourn"]
[EventRounds "13"]
[EventCountry "RUS"]
[EventCategory "7"]
[SourceTitle "EXT 2008"]
[Source "ChessBase"]
[SourceDate "2007.11.25"]
[SourceVersion "1"]
[SourceVersionDate "2007.11.25"]
[SourceQuality "1"]

1. e4 c5 2. Nf3 d6 3. d4 cxd4 4. Nxd4 Nf6 5. Nc3 Nc6 6. Be2 e5 7. Nb3 Be7 8. 0-0 0-0 9. Be3 a5 10. a3 Be6 11. f4 exf4 12. Rxf4 Nd7 13. Nd4 Nxd4 14. Bxd4 Ne5 15. Nd5 Bg5 16. Rf1 Bxd5 17. exd5 Qe7 18. b4 axb4 19. axb4 Rac8 20. c3 f5 21. Qc2 g6 22. c4 Bf6 23. Bxe5 Bxe5 24. Ra5 Rfe8 25. Bd3 Qh4 26. g3 Bxg3 27. hxg3 Qxg3+ 28. Kh1 Qh3+ 29. Kg1 Re3 30. Rd1 Rg3+ 31. Kf2 Rg2+ 0-1

[Event "Bykova Memorial"]
[Site "Vladimir"]
[Date "2006.12.17"]
[Round "5"]
[White "Zabotin, Alexander"]
[Black "Shabanov, Denis"]
[Result "1-0"]
[WhiteElo "2446"]
[BlackElo "2150"]
[PlyCount "55"]
[EventDate "2006.12.14"]
[EventType "tourn"]
[EventRounds "13"]
[EventCountry "RUS"]
[EventCategory "7"]
[SourceTitle "EXT 2008"]
[Source "ChessBase"]
[SourceDate "2007.11.25"]
[SourceVersion "1"]
[SourceVersionDate "2007.11.25"]
[SourceQuality "1"]

1. d4 Nf6 2. c4 g6 3. Nc3 Bg7 4. e4 d6 5. Nf3 0-0 6. Be2 e5 7. 0-0 Nc6 8. d5 Ne7 9. b4 Nh5 10. Re1 Nf4 11. Bf1 f5 12. Bxf4 exf4 13. e5 dxe5 14. Nxe5 g5 15. Qb3 Bxe5 16. Rxe5 Ng6 17. Ree1 Bd7 18. d6 cxd6 19. Rad1 Qf6 20. Rxd6 Qf7 21. Qd1 Rfe8 22. Rxe8+ Bxe8 23. Nd5 Ne7 24. Nf6+ Kf8 25. c5 Nc8 26. Nxe8 Nxd6 27. Nxd6 Qxa2 28. Qd4 1-0

[Event "Serpukhov Lushki-A"]
[Site "Serpukhov"]
[Date "2004.11.23"]
[Round "7"]
[White "Isajevsky, Anton"]
[Black "Shabanov, Denis"]
[Result "1-0"]
[WhiteElo "2432"]
[BlackElo "2153"]
[PlyCount "64"]
[EventDate "2004.11.19"]
[EventType "tourn"]
[EventRounds "15"]
[EventCountry "RUS"]
[EventCategory "7"]
[SourceTitle "CBM 103 Extra"]
[Source "ChessBase"]
[SourceDate "2005.01.01"]
[SourceVersion "1"]
[SourceVersionDate "2005.01.01"]
[SourceQuality "1"]

1. d4 Nf6 2. Nc3 e6 3. e4 d5 4. Bg5 Bb4 5. e5 h6 6. Bh4 g5 7. Bg3 Ne4 8. Nge2 b6 9. a3 Bxc3+ 10. Nxc3 Nxc3 11. bxc3 Ba6 12. Bxa6 Nxa6 13. h4 c5 14. Qd2 cxd4 15. cxd4 Kd7 16. a4 Qc7 17. Ra3 Rac8 18. Rf3 Qxc2 19. Rxf7+ Ke8 20. Qxc2 Rxc2 21. Rxa7 Kf8 22. 0-0 Nb4 23. f4 gxh4 24. Bxh4 Rg8 25. Be7+ Ke8 26. Ra8+ Kxe7 27. Rxg8 Nc6 28. Rg7+ Kd8 29. f5 Nxd4 30. f6 Nf5 31. Rxf5 exf5 32. e6 Re2 1-0

[Event "Serpukhov Lushki-A"]
[Site "Serpukhov"]
[Date "2004.11.23"]
[Round "6"]
[White "Shabanov, Denis"]
[Black "Zaitsev, Vladimir"]
[Result "0-1"]
[WhiteElo "2153"]
[BlackElo "2392"]
[PlyCount "64"]
[EventDate "2004.11.19"]
[EventType "tourn"]
[EventRounds "15"]
[EventCountry "RUS"]
[EventCategory "7"]
[SourceTitle "CBM 103 Extra"]
[Source "ChessBase"]
[SourceDate "2005.01.01"]
[SourceVersion "1"]
[SourceVersionDate "2005.01.01"]
[SourceQuality "1"]

1. e4 e6 2. d4 d5 3. exd5 exd5 4. Nf3 Bg4 5. c4 Nf6 6. Qb3 Bxf3 7. Qxf3 Nc6 8. Be3 dxc4 9. Nc3 Bb4 10. Rd1 Qd5 11. Qg3 Ne4 12. Qxg7 0-0-0 13. Bd2 Nxc3 14. bxc3 Rde8+ 15. Be2 Rhg8 16. Qxh7 Qxg2 17. Qf5+ Kb8 18. Rf1 Nxd4 19. cxd4 c3 20. Bc1 c2+ 21. Rd2 Rxe2+ 22. Kxe2 Re8+ 23. Kd3 Qxf1+ 24. Kxc2 Qc4+ 25. Kd1 Re1+ 26. Kxe1 Qxc1+ 27. Ke2 Qxd2+ 28. Kf3 Qxa2 29. h4 Qe6 30. Qxe6 fxe6 31. h5 Bf8 32. Ke4 a5 0-1

[Event "Serpukhov Lushki-A"]
[Site "Serpukhov"]
[Date "2004.11.22"]
[Round "5"]
[White "Komliakov, Viktor"]
[Black "Shabanov, Denis"]
[Result "1-0"]
[WhiteElo "2434"]
[BlackElo "2153"]
[PlyCount "113"]
[EventDate "2004.11.19"]
[EventType "tourn"]
[EventRounds "15"]
[EventCountry "RUS"]
[EventCategory "7"]
[SourceTitle "CBM 103 Extra"]
[Source "ChessBase"]
[SourceDate "2005.01.01"]
[SourceVersion "1"]
[SourceVersionDate "2005.01.01"]
[SourceQuality "1"]

1. e4 e6 2. f4 d5 3. e5 c5 4. Nf3 Nc6 5. c3 h5 6. Na3 Nh6 7. Nc2 Nf5 8. Bd3 Be7 9. Bxf5 exf5 10. d4 Qb6 11. dxc5 Bxc5 12. b4 Be7 13. a4 Be6 14. a5 Qc7 15. Be3 Rc8 16. 0-0 0-0 17. Nfd4 Nxd4 18. Bxd4 g6 19. Rf3 a6 20. Bb6 Qc4 21. Nd4 Rfe8 22. Qd2 Kg7 23. h3 Rh8 24. Rd1 Kf8 25. Qb2 Bd8 26. Bxd8 Rxd8 27. Nb3 Qc6 28. Nc5 Kg7 29. Qa3 Qb5 30. Kf2 Rb8 31. Na4 Qc4 32. Nb6 Qc6 33. Qc1 Rbd8 34. Rfd3 Rb8 35. Qe3 h4 36. Nxd5 Bxd5 37. Rxd5 Rbc8 38. R1d3 Rhe8 39. Kg1 Re7 40. Qf2 Rh8 41. Rd8 Ree8 42. Rxe8 Qxe8 43. Qb6 Qe7 44. c4 Rc8 45. Qd6 Rc7 46. c5 Kf8 47. Kf2 Kg7 48. Ke3 Kf8 49. Kd2 Kg7 50. Kc3 Kf8 51. Kc4 Kg7 52. Qxe7 Rxe7 53. Rd6 Kh6 54. c6 Rc7 55. Kc5 bxc6 56. Rxc6 Ra7 57. Kb6 1-0

[Event "Serpukhov Lushki-A"]
[Site "Serpukhov"]
[Date "2004.11.20"]
[Round "2"]
[White "Shabanov, Denis"]
[Black "Papin, Vasily"]
[Result "0-1"]
[WhiteElo "2153"]
[BlackElo "2411"]
[PlyCount "130"]
[EventDate "2004.11.19"]
[EventType "tourn"]
[EventRounds "15"]
[EventCountry "RUS"]
[EventCategory "7"]
[SourceTitle "CBM 103 Extra"]
[Source "ChessBase"]
[SourceDate "2005.01.01"]
[SourceVersion "1"]
[SourceVersionDate "2005.01.01"]
[SourceQuality "1"]

1. e4 c5 2. Nf3 e6 3. d4 cxd4 4. Nxd4 a6 5. c4 Nf6 6. Nc3 Bb4 7. Qd3 Qc7 8. Nc2 Be7 9. Be2 d6 10. b3 b6 11. Bb2 Bb7 12. f4 Nbd7 13. Bf3 0-0 14. 0-0 Rac8 15. Qe2 Ne8 16. Rad1 b5 17. cxb5 Qb6+ 18. Ne3 axb5 19. Nxb5 Ba6 20. a4 Qb8 21. Nc2 Nc5 22. Nb4 Bxb5 23. axb5 Nxb3 24. Qe3 Na5 25. Qe2 Nc7 26. Na6 Qxb5 27. Nxc7 Qb6+ 28. Bd4 Qxc7 29. Rb1 Nc6 30. Bb6 Qd7 31. Rfd1 Rb8 32. Be3 e5 33. Rxb8 Rxb8 34. f5 Qb7 35. Kf1 h6 36. Qc4 Rc8 37. Qd5 Qb8 38. Be2 Nb4 39. Qb3 Nc2 40. Qd3 Qb2 41. Bf2 Qb7 42. Rc1 Nb4 43. Rxc8+ Qxc8 44. Qd2 Na6 45. Qd5 Qc1+ 46. Bd1 Nb4 47. Qb3 Bg5 48. h4 Bd2 49. Ke2 h5 50. Bb6 Qc6 51. Bf2 Bc3 52. Kf3 d5 53. exd5 Nxd5 54. Kg3 Nf6 55. Bf3 e4 56. Bd1 Qc7+ 57. Kh3 Qf4 58. Qxc3 Qxf2 59. Qc8+ Kh7 60. Qc2 Qxf5+ 61. Kg3 Ng4 62. Bxg4 Qxg4+ 63. Kf2 Qxh4+ 64. Ke3 Qg3+ 65. Kd4 Qd3+ 0-1